Normal view
MARC view
- Gorsuch, Joseph W Dwyer, F. James
Entry Personal Name
001 - CONTROL NUMBER
- control field: 62151
003 - CONTROL NUMBER IDENTIFIER
- control field: NUST
005 - DATE AND TIME OF LATEST TRANSACTION
- control field: 20210628202902.0
008 - FIXED-LENGTH DATA ELEMENTS
- fixed length control field: 210628|| aca||aabn | a|a d
040 ## - CATALOGING SOURCE
- Original cataloging agency: NUST
- Transcribing agency: NUST
100 ## - HEADING--PERSONAL NAME
- Personal name: Gorsuch, Joseph W Dwyer, F. James
670 ## - SOURCE DATA FOUND
- Source citation: Work cat.: (NUST): Gorsuch, Joseph W Dwyer, F. James, Environmental toxicology and risk assessment, 2nd volume, 1993
